[Event "Sigeman & Co 07th"]
[Site "Malmo"]
[Date "1999.06.13"]
[Round "6"]
[White "Timman, Jan H"]
[Black "Lautier, Joel"]
[Result "1/2-1/2"]
[WhiteElo "2670"]
[BlackElo "2596"]
[Annotator "Lautier,J"]
[PlyCount "112"]
[EventDate "1999.06.??"]
[EventType "tourn"]
[EventRounds "9"]
[EventCountry "SWE"]
[EventCategory "14"]
[SourceTitle "CBM 072"]
[Source "ChessBase"]
[SourceDate "1999.10.01"]
[SourceVersion "1"]
[SourceVersionDate "1999.10.01"]
[SourceQuality "1"]

1. d4 {Tsesarsky} d5 2. c4 c6 3. Nf3 e6 4. Qc2 dxc4 5. Qxc4 Nf6 6. g3 b5 7. Qc2
Bb7 8. Bg2 Nbd7 (8... c5 9. dxc5 Na6 10. Nc3 Bxc5 11. O-O $14 {>< Na6}) 9. a4 (
9. O-O {Tsesarsky} c5 10. a4 b4 11. Bg5 Rc8 12. dxc5 Bxc5 13. Qd3 (13. Qd1 O-O
14. Nbd2 h6 15. Bf4 Nd5 16. Nb3 Nxf4 17. gxf4 Qe7 18. e3 (18. Ne1 Bxg2 19. Kxg2
e5 20. Qd5 exf4 21. Nd3 Nf6 22. Qf3 Bd6 $17) 18... Rfd8 19. Qe2 Bb6 20. a5 Bc7
21. Rfd1 Nf6 22. Nfd4 $11) 13... O-O 14. Nbd2 Qc7 (14... Qe7 $11) (14... h6 15.
Be3 $11 (15. Bxf6 Nxf6 16. Qxd8 Rfxd8 17. Nb3 Ne4 18. Ne5 Bd5 19. Nxc5 Nxc5 20.
Rfc1 Bxg2 21. Kxg2 f6 22. Nf3 Nb3 23. Rxc8 Rxc8 24. Rd1 Rc2 $17)) 15. Nb3 Be4
$11 {1-0 Prokopisin,V-Taskovits,I/HUN-chT2 9394/1994/ (47)}) 9... c5 (9... b4 {
Tsesarsky} 10. a5 $6 (10. e4 $5) (10. Ne5 Qc8 11. Nxd7 Qxd7 12. O-O c5 13. Bxb7
Qxb7 14. dxc5 Rc8 15. Be3 Bxc5 16. Bxc5 Nd7 {1/2-1/2 Beliavsky,A-Zvjaginsev,V/
Portoroz SLO 1999 (16)}) 10... c5 11. O-O Rc8 12. dxc5 Bxc5 13. Qa4 O-O 14.
Nbd2 Qc7 15. Ne1 e5 16. Bxb7 Qxb7 17. Nb3 $11 {1-0 Gavrilov,A-Beliakov
Alexsander/Moscow RUS 1995 (41)}) (9... a6 {Tsesarsky} 10. O-O (10. Ng5 Qb6 11.
O-O c5 12. Bxb7 Qxb7 13. axb5 axb5 14. Rxa8+ Qxa8 15. dxc5 Bxc5 16. Nc3 b4 17.
Nce4 $14 {Grabarczyk,M-Matlak,M/POL-ch (12)/1993/1-0 (64)}) 10... Be7 (10...
Rc8 11. e4 c5 12. d5 exd5 13. exd5 Nxd5 14. axb5 axb5 15. Re1+ Be7 16. Ra7 Qb6
17. Rxb7 Qxb7 18. Nh4 g6 19. Bg5 O-O 20. Rxe7 Rfe8 21. Qd2 $18 {1-0 Gronn,
A-Christenson,F/Gausdal NOR 1999 (40)}) 11. Nc3 O-O 12. Rd1 Qb6 13. e4 c5 14.
e5 (14. Bg5 $5 b4 (14... cxd4 15. Rxd4 $5 (15. Nxd4 b4 16. Nce2 (16. a5 Qc5 17.
Be3 Ng4 (17... bxc3 18. Nf5 exf5 19. Bxc5 Nxc5 20. exf5 cxb2 21. Qxb2 Bxg2 22.
Kxg2 Rfe8 $44) 18. Nf5 Nxe3 19. Nxe3 Nf6 $17) 16... Rac8 $15) 15... Ne5 16. Rd2
Nxf3+ 17. Bxf3 b4 18. a5 Qc6 19. Ne2 Qxc2 20. Rxc2 $11) 15. a5 Qa7 16. Ne5 Nxe5
17. dxe5 bxc3 18. exf6 gxf6 19. Bh4 cxb2 20. Qxb2 Bc6 (20... Kg7 $2 21. Rd7 $18
) 21. Bxf6 $16) 14... Nd5 15. Bg5 Nb4 (15... Nxc3 $1 16. dxc5 $5 (16. Bxe7 Nxd1
17. Bxf8 Rxf8 18. Ng5 g6 19. a5 Qa7 20. Bxb7 Qxb7 21. Rxd1 cxd4 22. f4 Rc8 23.
Qd2 (23. Qe4 Qxe4 24. Nxe4 Rc4 $15) 23... Rc5 $15) 16... Bxc5 (16... Nxc5 17.
Bxe7 Nxd1 18. Bxc5 Rfc8 19. b4 $18) 17. bxc3 Qc7 18. Bf4 Be7 19. axb5 axb5 20.
Rab1 b4 21. Qd2 (21. Ng5 Bxg5 22. Bxb7 Qxb7 23. Bxg5 Nxe5 24. Rxb4 Nf3+ $19)
21... Rad8 22. cxb4 Bxf3 23. Bxf3 Nxe5 $11) 16. Qd2 Bxg5 17. Qxg5 cxd4 18. Rxd4
Bxf3 19. Rxb4 Qc5 20. Bxf3 Qxb4 21. Bxa8 Rxa8 22. Rd1 Nf8 $11 {0-1 Maroto,
J-Luther,T/Olot op 1994 (33)}) (9... bxa4 {Tsesarsky} 10. O-O c5 11. Qxa4 cxd4
12. Nxd4 Bxg2 13. Kxg2 Bc5 14. Nc6 Qb6 15. b4 Qb7 16. f3 O-O 17. bxc5 Nxc5 18.
Qc2 Qxc6 19. Be3 Rfc8 20. Rc1 Nd5 21. Bxc5 Ne3+ 22. Bxe3 Qxc2 23. Rxc2 Rxc2 24.
Kf2 $11 {1-0 Sapunov,E-Sveshnikov,E/St Petersburg RUS 1998 (75)}) 10. axb5 (10.
O-O) (10. dxc5 b4 $1 (10... Be4 {Tsesarsky} 11. Qb3 bxa4 12. Qxa4 Bxc5 $10) (
10... Bxc5 11. axb5 Qb6 12. O-O Ne4 13. e3 Qxb5 14. Nc3 Nxc3 15. bxc3 Rb8 $11)
11. c6 Bxc6 $1 $11) 10... cxd4 11. O-O Bc5 {'!?' Tsesarsky.} (11... Rc8 $6 12.
Qd1 $1 e5 13. Rxa7 Qb6 14. Rxb7 Qxb7 15. Nxd4 Qb6 16. Nc6 $14) (11... Nc5 {
Tsesarsky} 12. Qd1 $5 (12. Rd1 $6 Be4 $8 13. Qc4 Bd5 $8 14. Qxd4 $8 (14. Qc2
Bb3 $19) 14... Nb3 15. Qa4 Nxa1 16. Nc3 Bc5 17. Nxd5 $5 (17. e4 $2 Bxf2+ $1 18.
Kxf2 Qb6+ 19. Ke2 Bb3 20. Qxa1 Bxd1+ $19) 17... exd5 $1 (17... Nxd5 $2 18. e4
$1 Qb6 19. exd5 Bxf2+ 20. Kh1 Rd8 21. Qxa1 Rxd5 22. Rxd5 exd5 23. b4 O-O 24.
Bb2 f6 25. Nd4 $14) 18. Qxa1 O-O $15) 12... e5 (12... d3 13. exd3 Nxd3 14. Be3
$14) 13. Nxe5 $6 (13. b4 Ncd7 14. Qa4 Nb6 $11) (13. e3 $1 Bxf3 (13... d3 14.
Nxe5 Bxg2 15. Kxg2 Qd5+ 16. Nf3 Nfe4 17. Nc3 $16) (13... dxe3 14. Bxe3 Qc7 15.
b4 Ncd7 16. Qb3 Bd5 17. Qa3 $14) 14. Bxf3 e4 15. exd4 exf3 16. dxc5 Qxd1 17.
Rxd1 Bxc5 18. b4 $1 Bb6 (18... Bxb4 19. Be3 $14) 19. Ra3 $1 $14) 13... Bxg2 14.
Kxg2 Qd5+ 15. Nf3 Nb3 16. Ra6 (16. Ra2 $5) 16... Qxb5 17. Qd3 Qxd3 18. exd3 Be7
19. Re1 Nd5 {1/2-1/2 Beim,V-Wach,M/Linz 1997/CBM 59/ (19)}) (11... e5 $6 {
Tsesarsky} 12. Nxe5 Bxg2 13. Nxd7 Rc8 (13... Bxf1 14. Nxf6+ gxf6 15. Qc6+ Ke7
16. b3) 14. Nxf6+ gxf6 15. Qa4 Bxf1 16. b6+ Ke7 17. Qxa7+ $14) 12. Bg5 (12. Rd1
$5 Rc8 $5 (12... Be4 13. Qa4 e5 14. Nbd2 Bd5 $13) (12... Qb6 13. b4 d3 14. exd3
Bxb4 15. Be3 $14) 13. Qa4 e5 $5 (13... O-O $6 14. Nxd4 Bxg2 15. Kxg2 Nb6 16.
Nc6 $1 Nxa4 17. Rxd8 Rfxd8 18. Nxd8 Rxd8 (18... Nxb2 19. Nc6 Nc4 20. Ra4 $1 Nb6
21. Rxa7 $18) 19. Rxa4 $16) (13... d3 {Tsesarsky} 14. exd3 Qb6 15. d4 Bxf3 16.
Bxf3 Bxd4 17. Qxd4 Qxd4 18. Rxd4 Rxc1+ 19. Rd1 Rc7 $10) 14. Nxe5 Bxg2 15. Nxd7
Qxd7 16. Kxg2 O-O 17. Nd2 Rfe8 $44) (12. Nbd2 {Tsesarsky} Bb6 13. Nc4 O-O 14.
b3 Bd5 15. Ba3 Re8 16. Rad1 e5 17. Nd6 Re7 18. Ng5 Bxg2 19. Kxg2 h6 20. Nf5 Re8
$15 {0-1 Yevseev,D-Solovjov,S/St.Petersburg (Russia) 1998 (35)}) (12. Qd2 $6 {
Tsesarsky} e5 13. Qg5 h6 14. Qf5 Be4 $17 {0-1 Gretarsson,H-Hector,J/Reykjavik
op 1996 (24)}) 12... Rc8 13. Nbd2 O-O {'<=>' Tsesarsky.} (13... Bd5 {Tsesarsky}
14. Rfc1 O-O 15. Nb3 Bxb3 16. Qxb3 h6 17. Bxf6 Qxf6 18. Nd2 Qe7 19. Bc6 $11 {
1/2-1/2 Jirovsky,M-Galkin,A/Rotterdam NED 1998 (36)}) 14. Qd3 h6 (14... e5 15.
Bxf6 Qxf6 16. Ng5 Qxg5 17. Bxb7 Rc7 18. Bc6 $14) (14... Re8 {/\ e5} 15. Nb3 $5
e5 16. Nxc5 Nxc5 17. Qf5 $14) 15. Bxf6 Qxf6 (15... Nxf6 16. Rfc1 $5 $14 (16.
Ne5 Bxg2 17. Kxg2 Qd5+ 18. Ndf3 Rc7 19. Rfc1 Rfc8 20. Rc4 $14)) 16. Ng5 (16.
Ne4 Bxe4 (16... Qe7 17. Nxc5 (17. Nxd4 Ne5 18. Qe3 Nc4 $132) 17... Nxc5 18. Qa3
(18. Qxd4 $2 Nb3 $15) 18... e5 19. Rfc1 $14 (19. Qxa7 $2 Ra8 20. Qb6 Na4 $19))
17. Qxe4 Bb6 18. Rfc1 Rxc1+ 19. Rxc1 d3 20. Qxd3 Qxb2 21. Rb1 Qa2 $11) 16...
Qxg5 (16... hxg5 {Tsesarsky} 17. Bxb7 Rc7 18. Ne4 $132) 17. Bxb7 Rc7 18. f4 $6
{'?' Tsesarsky. Tsesarsky: 'Unnecessary easing of a position of the king'} (18.
Nf3 Ne5 (18... Qe7 19. Bc6 $13) 19. Nxe5 Qxe5 20. Bc6 $11) 18... Qe7 19. Bc6
Nf6 $1 {/\ Nd5-b4} (19... Bb6 $6 20. Nc4 Nc5 21. Qf3 $14) (19... Nb8 $6 20. Bg2
Rfc8 21. Nc4 $14) 20. Nc4 $6 (20. Nf3 Nd5 21. Bxd5 exd5 22. Nxd4 Bxd4+ 23. Qxd4
Qxe2 24. Rf2 Qxb5 25. Rxa7 $15) 20... Nd5 21. Bxd5 exd5 22. Ne5 Re8 23. Rf2 $6
(23. Rac1 f6 24. Nc6 Qd6 25. Nxd4 Rce7 (25... Qb6 26. Kh1 $1) 26. Kh1 Bxd4 27.
Qxd4 Rxe2 28. Rf2 $15) 23... Bb6 24. Kg2 Qb4 25. Rb1 Rc5 26. Qf5 Rc7 27. Qd3
Qd6 28. Rd1 Rcc8 $1 29. h4 $6 {>< g3} (29. Rd2 $142) 29... f6 30. Qg6 (30. Nc6
Re4 $17) 30... Qe6 31. Nc6 d3 32. Qxd3 Bxf2 33. Kxf2 Kh8 $17 34. f5 Qd7 $6 (
34... Qf7 $142) 35. Qxd5 $6 (35. e4 $1 $15) 35... Qb7 $1 {/\ a6} (35... Qc7 36.
Nd4 $15) 36. Rd4 $5 $138 (36. Ra1 Re5 $1 37. Qd3 Rxb5 38. Nxa7 Rd5 $17) 36...
a6 $6 $138 (36... Qb6 $1 37. e3 a6 38. Rd3 $1 (38. Qf7 $2 Qxb5 39. Ne7 Rxe7 40.
Qxe7 Rc2+ $19) (38. Qd7 Qxb5 39. Rg4 Rg8 40. Rxg7 Qxb2+ 41. Kf3 Rxg7 42. Qxc8+
Kh7 43. Nd4 (43. Qxa6 Qh2 $19) 43... Qh2 44. Ne2 Qh3 $17) 38... axb5 39. Nd4
$17) 37. Ne5 $1 Qxd5 $2 (37... Qa7 $1 38. Qd7 (38. Nf7+ Kh7 39. Nd6 Rc5 $1 $19)
38... Qc5 $1 (38... Qxd7 39. Ng6+ Kh7 40. Rxd7 axb5 41. Nf4 Rc2 42. Ne6 Rg8 43.
b4 $15) 39. Nd3 Qb6 (39... Qxb5 40. Qxb5 axb5 41. Nf4 Red8 42. Rb4 Rc5 43. g4
Rd2 $15) 40. Qd6 Qxb5 41. Rd5 Qb3 $17) 38. Ng6+ Kh7 39. Rxd5 axb5 40. Rxb5 Rb8
41. Rxb8 Rxb8 42. Nf4 Rxb2 43. Nh5 $11 Rb5 44. g4 Kg8 45. Kf3 Kf7 46. Ng3 Rb4 (
46... Re5 47. Nh5 Re7 48. Nf4 Ke8 49. Nh5 Kd7 50. e3 Kd6 51. Kf4 Kd5 52. Kf3
Ke5 53. Nf4 Ra7 54. Ng6+ Kd6 55. Nf4 $11) 47. Nh5 Rb3+ 48. e3 Rb2 49. Nf4 Rh2
50. Kg3 Rh1 51. Nh5 Kf8 52. Nf4 Kf7 (52... Ke7 53. Nh5 Kd6 54. Nxg7 Ke5 55. Nh5
$11) 53. Nh5 g6 54. fxg6+ Kxg6 55. Nf4+ Kf7 56. h5 Rg1+ (56... Ke7 57. Kg2 Ra1
58. Kf3 Kd6 59. Ng6 $11 {/\ Nh4-f5}) (56... f5 57. gxf5 Kf6 58. e4 Kg5 (58...
Ke5 59. Nh3 $1 Ra1 (59... Kxe4 60. Nf2+ Kxf5 61. Nxh1 Kg5 $11) 60. Nf2 $11) 59.
Ne6+ Kxh5 60. Kf4 (60. e5 Rf1 61. f6 Kg6 62. Nf4+ Kf7 63. Kg4 Rg1+ 64. Kf5 Rg5+
65. Ke4 h5 $15) 60... Rf1+ 61. Ke5 Kg4 62. f6 h5 63. Nd4 Kg5 (63... h4 $2 64.
Nf5 Ra1 65. f7 Ra8 66. Nxh4 Kxh4 67. Kf6 $18) 64. Nf5 Kg6 65. Ke6 Rf4 66. Ke5
Rf1 (66... Rg4 67. f7 Kxf7 68. Nh6+ $11) 67. Ke6 $11) 1/2-1/2

[Event "EU-ch 13th"]
[Site "Plovdiv"]
[Date "2012.03.23"]
[Round "4"]
[White "Pap, Gyula"]
[Black "Sokolov, Ivan"]
[Result "0-1"]
[WhiteElo "2538"]
[BlackElo "2653"]
[Annotator "Let's Check Training"]
[PlyCount "86"]
[EventDate "2012.03.20"]
[EventType "swiss"]
[EventRounds "11"]
[EventCountry "BUL"]
[SourceTitle "CBM 148"]
[Source "ChessBase"]
[SourceDate "2012.05.16"]
[SourceVersion "1"]
[SourceVersionDate "2012.05.16"]
[SourceQuality "1"]

1. Nf3 d5 2. d4 e6 3. c4 Bb4+ 4. Bd2 a5 5. g3 Nc6 6. Qc2 Nge7 7. Bg2 e5 8. dxe5
Bf5 9. Qc1 d4 10. O-O O-O 11. Bg5 h6 12. Bxe7 Qxe7 13. Qf4 Qd7 14. Rd1 Rad8 15.
Nc3 f6 16. a3 Bc5 17. Nd5 fxe5 18. Nxe5 Qe8 19. Nf3 $6 (19. Nxc6 bxc6 20. Qxc7
$11) 19... Qxe2 $17 20. Rd2 Qxc4 21. Ne3 Qf7 22. Nxf5 Qxf5 23. Qxf5 Rxf5 24.
Rc1 Bb6 25. Ne1 Ne5 26. Bxb7 d3 27. Kg2 $2 (27. Rcd1 Rdf8 28. Nxd3 $15) {
[%tqu "En","","","","b6f2","",10]} 27... Bxf2 $1 $19 28. Be4 (28. Nxd3 Be3 29.
Re2 $19) 28... Be3 29. Bxf5 Bxd2 30. Rd1 Bxe1 31. Rxe1 d2 32. Rd1 g5 (32... Kh8
33. Kf1 Rf8 $19) 33. Bc2 $17 Kg7 34. b3 $6 (34. Kf2 Ng4+ $17) 34... a4 $1 $19
35. Kf2 axb3 36. Bxb3 c5 37. Rb1 c4 38. Bc2 c3 39. Ke2 Nc6 40. Rb7+ Kf8 41. Ba4
Nd4+ 42. Ke3 Nf5+ 43. Ke2 Ra8 0-1

[Event "EU-ch 12th"]
[Site "Aix les Bains"]
[Date "2011.03.30"]
[Round "8"]
[White "Sokolov, Ivan"]
[Black "Bukavshin, Ivan"]
[Result "1/2-1/2"]
[WhiteElo "2643"]
[BlackElo "2501"]
[Annotator "Marchand,A/Primel,D"]
[PlyCount "85"]
[EventDate "2011.03.22"]
[EventType "swiss"]
[EventRounds "11"]
[EventCountry "FRA"]
[SourceTitle "CBM 142 Extra"]
[Source "ChessBase"]
[SourceDate "2011.06.27"]
[SourceVersion "1"]
[SourceVersionDate "2011.06.27"]
[SourceQuality "1"]
[TimeControl "40/5400+30:1800+30"]

1. d4 d5 2. Nf3 Nf6 3. c4 e6 4. Bg5 dxc4 5. Qa4+ (5. Nc3 {Plus courant}) 5...
Nbd7 6. Nc3 a6 7. Rd1 $5 $146 (7. g3 {Wang Yue (2739)-Ivanchuk,V (2779) Corus
Wijk aan Zee 2009 (2) 0-1}) (7. e4 {La grande ligne} b5 8. Nxb5 Rb8 9. Nc3 Rxb2
$132 10. Ne5 (10. Bxc4 Rb4)) 7... b5 $1 8. Nxb5 axb5 $5 {Une décision curieuse
car le thème Rb8b2 est connu dans la ligne principale} (8... Rb8 $142 {[%cal
Gb8b2]} 9. Nc3 Rxb2 $132 {[%cal Gf8b4]}) 9. Qxa8 Bb4+ 10. Nd2 Nb6 11. Qc6+ Bd7
12. Qf3 Na4 $1 {[%csl Rb2,Gc4][%cal Gc4c3]} 13. Rb1 (13. b3 $6 cxb3 (13... c3
14. bxa4 cxd2+ 15. Bxd2) 14. Qxb3 Ba5 15. e3 Nc3 16. Qa3 (16. Rc1 Nce4) 16...
Nxd1 17. Qxa5 Nxf2 18. Rg1 (18. Kxf2 Ng4+) 18... N2g4 $44 {[%csl Re1]}) 13...
h6 (13... O-O 14. Bxf6 gxf6) 14. Bxf6 gxf6 15. Qe3 e5 $5 {[%csl Re8]} (15... c5
$44 {[%csl Re1]} 16. d5 c3 $1 17. bxc3 Nxc3) 16. a3 (16. dxe5 Bf5 17. Rc1 (17.
Rd1 Nxb2) 17... O-O 18. Qxh6 fxe5 $13) 16... Ba5 17. dxe5 Bf5 $1 18. b4 Bb6 $44
{Avec un P passé protégé avancé et la paire de B, les Noirs ont assez de
compensations pour la qualité.} 19. Qf4 c3 $1 (19... Bxb1 20. Nxb1 Nb2 {
[%cal Gd8d1]} 21. Qd2 $1) 20. Ne4 c2 $1 21. Rc1 Bxe4 22. Qxe4 Qd1+ $1 {Une
belle déviation qui regagne la qualité} 23. Rxd1 cxd1=Q+ 24. Kxd1 Nc3+ 25. Ke1
Nxe4 26. e3 c6 (26... fxe5 27. Bxb5+) 27. Bd3 f5 $6 (27... Nc3 $142 28. exf6
Nd5 {[%cal Gd5f6]} (28... Kd7 {[%cal Gd7e6]}) 29. Ke2 Nxf6 30. Rd1 Ke7 $17 {
[%cal Gh8d8]}) 28. g4 $1 Ng5 29. f4 fxg4 $1 {Festival tactique des Noirs!} 30.
fxg5 hxg5 {[%csl Re3,Rh1,Rh2][%cal Gg4g3,Gh8h1] Au 30ème coup, la Rh1 n' a
toujours pas bougé et sans surprise le retard de développement donne des
reources tactiques y compris en finale} 31. Be4 $1 {[%cal Ge4h1,Ge4c6]} Rh3 $6
(31... c5 32. Bc6+ Ke7 33. bxc5 Bxc5 34. Bxb5 Bxe3 {[%csl Re5,Rh2][%cal Ge3f4]}
) (31... Bxe3 32. Bxc6+ Ke7 33. Ke2 Bd4 (33... Bf4)) 32. Bxc6+ Ke7 33. Bxb5
Rxe3+ 34. Be2 Rxa3 35. Bxg4 Rb3 36. Rf1 $11 {Premier coup de la R!} Rxb4 37.
Bh5 Rb1+ 38. Ke2 Rb2+ 39. Kd3 Rxh2 40. Rxf7+ Ke6 41. Rf6+ Kxe5 42. Rxb6 Rxh5
43. Ke3 {[%mdl 512]} 1/2-1/2

[Event "EU-ch 12th"]
[Site "Aix les Bains"]
[Date "2011.04.02"]
[Round "11"]
[White "Matlakov, Maxim"]
[Black "Fressinet, Laurent"]
[Result "1/2-1/2"]
[WhiteElo "2625"]
[BlackElo "2693"]
[Annotator "Marchand,A/Primel,D"]
[PlyCount "141"]
[EventDate "2011.03.22"]
[EventType "swiss"]
[EventRounds "11"]
[EventCountry "FRA"]
[SourceTitle "CBM 142 Extra"]
[Source "ChessBase"]
[SourceDate "2011.06.27"]
[SourceVersion "1"]
[SourceVersionDate "2011.06.27"]
[SourceQuality "1"]
[TimeControl "40/5400+30:1800+30"]

1. d4 Nf6 2. c4 e6 3. Nf3 d5 4. e3 a6 5. b3 c5 6. Bb2 Nc6 7. Bd3 Be7 8. O-O
cxd4 9. exd4 Nb4 $146 (9... O-O {Vaganian,R (2590)-Brkic,A (2558) EU-Cup 24th
Kallithea 2008 (2) 0-1}) 10. Be2 b6 11. Nc3 Bb7 12. a3 Nc6 13. cxd5 exd5 14.
Ne5 $14 O-O 15. Rc1 Rc8 16. Bf3 Re8 17. Re1 Bf8 18. b4 Ne7 {[%cal Ge7f5,Gf5d6]}
19. Rc2 (19. Ng4 Nxg4 (19... Nf5 20. Nxf6+ Qxf6 21. Nxd5) 20. Bxg4 {[%cal
Gg4c8]} Rc4 {[%cal Gb6b5]} 21. Be2 b5 $5 22. Bxc4 dxc4 $44 {[%cal Gd8d5,Gd5g2,
Ge7d5]}) 19... Nf5 20. g3 Nd6 $1 $132 {[%csl Gc4]} 21. Bg2 Rc7 $1 22. Rce2 Rce7
23. Qd3 Nfe4 24. Nxe4 $6 {Les Noirs vont obtenir une case "d5" pour faire
transiter les pièces} dxe4 25. Qb3 Qa8 $1 26. Ng4 Bd5 27. Qd1 Nc4 $132 {
[%csl Rb2,Gc4,Gd5]} 28. Bc1 a5 29. Ne3 Nxe3 30. Rxe3 axb4 31. axb4 Re6 (31...
Rc7 $15 {[%cal Ge8c8]}) 32. Bd2 g6 33. Bh3 f5 34. Qb1 Bg7 {[%csl Rd4]} 35. Qb2
Qd8 (35... Rc6 $5 {[%cal Ge8c8,Gc6c2]}) 36. Ra3 Qf6 37. Bf4 Rc8 38. Be5 Qe7 39.
Bxg7 Kxg7 40. b5 Rc7 41. Rc1 Rd7 42. Re3 Qf6 43. Qb4 Red6 44. Rec3 Bf7 {
[%csl Rd4]} 45. Rc6 Qxd4 46. Qa3 Qe5 47. Bf1 Rd1 48. Qe3 Qxb5 $1 {[%csl Rf1]
[%cal Gb5f1] Nouvelle erreur du plateau DGT qui n' a pas sauvegardé la
totalité de la partie!} 49. Qc3+ Kh6 50. Qe3+ Kg7 (50... Kh5) 51. Qc3+ Kh6 52.
Qe3+ Kh5 {Tente de jouer pour le gain} 53. g4+ $1 fxg4 54. R6c5+ $3 bxc5 55.
Rxc5+ $1 {Quel sauvetage!} Qxc5 56. Qxc5+ R7d5 (56... g5 $1 {Il serait plus
difficile pour la Q Blanche d'attaquer le K Noir}) 57. Qe3 R5d3 58. Qc5+ g5 59.
Kg2 Rd5 60. Qc8 {[%csl Rh5][%cal Gh2h3,Gc8h3]} Rd8 61. Qc7 R8d7 62. Qg3 e3 $1
63. h3 $1 gxh3+ $2 (63... Bd5+ {[%csl Rf1,Rg2] Il vallait mieux ramener une
pièce supplémentaire en attaque} 64. Kh2 Rxf1 65. hxg4+ Kg6 $19 {[%cal Gf1h1]})
64. Qxh3+ Kg6 65. Qxe3 R1d6 66. Bb5 Rd8 67. Qe7 Rd4 68. Bc6 Bd5+ {Trop tard!} (
68... Rg4+ 69. Kh3 Rdd4 70. f3 Rh4+ 71. Kg3 $11) 69. Bxd5 R4xd5 70. Qe6+ Kg7
71. Qe7+ 1/2-1/2